000 00224nam a2200097Ia 4500
008 170619s9999 xx 000 0 und d
100 _aProakis- John G.
245 0 _aDigital Communication
260 _bMc Graw Hill
260 _c2001
546 _aENGLISH
999 _c16943
_d16943